[Event "AUT-chT2M 2122"]
[Site "Austria"]
[Date "2022.03.26"]
[Round "8.6"]
[White "Dappiano, Andrea"]
[Black "Antoniewski, Rafal"]
[Result "0-1"]
[WhiteElo "2265"]
[BlackElo "2472"]
[PlyCount "82"]
[EventDate "2021.10.01"]
[EventType "team-tourn"]
[EventRounds "11"]
[EventCountry "AUT"]
[SourceTitle "EXT 2023"]
[Source "ChessBase"]
[SourceDate "2022.10.05"]
[SourceVersion "1"]
[SourceVersionDate "2022.10.05"]
[SourceQuality "1"]
[WhiteTeam "Villach Admira"]
[BlackTeam "St Veit/Glan II"]
[WhiteTeamCountry "AUT"]
[BlackTeamCountry "AUT"]

1. e4 c5 2. Nf3 e6 3. d4 cxd4 4. Nxd4 Nc6 5. Nc3 Qc7 6. Be3 a6 7. Qd2 Nf6 8. 0-0-0 Be7 9. f3 b5 10. Nxc6 Qxc6 11. Kb1 d6 12. Ne2 Bb7 13. Nd4 Qc7 14. Bd3 Nd7 15. Nb3 d5 16. Bf4 e5 17. Bg3 dxe4 18. Bxe4 Bxe4 19. fxe4 Rc8 20. Nd4 g6 21. Rhf1 0-0 22. Rf3 Nc5 23. Qe2 Rfd8 24. Nb3 Rxd1+ 25. Qxd1 Nxe4 26. Be1 Rd8 27. Rd3 Rxd3 28. Qxd3 Qc6 29. a3 Nf6 30. Bc3 Bd6 31. Na5 Qd5 32. Nb7 Bc7 33. Qxd5 Nxd5 34. Ba5 Bxa5 35. Nxa5 f5 36. c4 Ne3 37. c5 Kf7 38. Nc6 Ke6 39. b4 Nxg2 40. Kc2 f4 41. Kd3 f3 0-1

[Event "Palmanova op 10th"]
[Site "Palmanova"]
[Date "2021.12.05"]
[Round "5"]
[White "Dappiano, Andrea"]
[Black "Candian, Lorenzo"]
[Result "1-0"]
[WhiteElo "2296"]
[BlackElo "1952"]
[PlyCount "189"]
[EventDate "2021.12.03"]
[EventType "swiss"]
[EventRounds "5"]
[EventCountry "ITA"]
[SourceTitle "CBM 205 Extra"]
[Source "ChessBase"]
[SourceDate "2022.01.31"]
[SourceVersion "1"]
[SourceVersionDate "2022.01.31"]
[SourceQuality "1"]

1. e4 c5 2. Nf3 d6 3. Bb5+ Nd7 4. 0-0 e6 5. Re1 a6 6. Bf1 Ngf6 7. c3 Be7 8. d4 cxd4 9. cxd4 b5 10. a4 bxa4 11. Nc3 a3 12. e5 axb2 13. Bxb2 dxe5 14. dxe5 Ng4 15. Ne4 Rb8 16. Bc3 0-0 17. h3 Nh6 18. Ba5 Nb6 19. Qxd8 Bxd8 20. Bb4 Re8 21. Nd6 Be7 22. Nxe8 Bxb4 23. Reb1 a5 24. Nc7 Nf5 25. Rd1 Bb7 26. Na6 Rc8 27. Nxb4 axb4 28. Nd4 Nxd4 29. Rxd4 Nd5 30. Bc4 Nc3 31. Rd7 Bd5 32. Bxd5 Nxd5 33. Raa7 Rf8 34. Rab7 g5 35. g3 h5 36. Kg2 g4 37. h4 Kg7 38. f3 gxf3+ 39. Kxf3 Kg6 40. Ke4 Nc3+ 41. Kf4 Nd5+ 42. Kf3 Kg7 43. g4 hxg4+ 44. Kxg4 Ne3+ 45. Kg5 Nc4 46. Kf4 Kg6 47. Rdc7 Nb2 48. Rc2 Nd3+ 49. Ke4 Rd8 50. Rg2+ Kh6 51. Rxf7 Nc5+ 52. Kf3 Rd3+ 53. Kg4 Nd7 54. Kf4 Rd4+ 55. Ke3 Rd5 56. Rgg7 Nxe5 57. Rh7+ Kg6 58. h5+ Kg5 59. Rf8 Ng4+ 60. Ke2 Re5+ 61. Kd2 Kh4 62. Rf1 Rd5+ 63. Kc1 Rc5+ 64. Kb1 Ne3 65. Rh1+ Kg5 66. h6 Rc8 67. Rg7+ Kf6 68. Rgg1 Rh8 69. h7 Kf7 70. Rc1 Nd5 71. Rcf1+ Kg7 72. Rh3 Nc3+ 73. Kb2 Ne4 74. Re3 Ng5 75. Rg3 Kg6 76. Rfg1 Rxh7 77. Rxg5+ Kf6 78. Kb3 Rh4 79. Rg8 Re4 80. R8g4 Re3+ 81. Kxb4 Kf5 82. Kc4 Re2 83. Kd3 Ra2 84. Rc4 Ra3+ 85. Rc3 Ra8 86. Ke3 Rh8 87. Rc5+ Kf6 88. Rg4 Rh3+ 89. Ke4 Rh1 90. Rf4+ Ke7 91. Ra5 Re1+ 92. Kd4 Rd1+ 93. Ke5 Re1+ 94. Re4 Rh1 95. Ra7+ 1-0

[Event "Palmanova op 10th"]
[Site "Palmanova"]
[Date "2021.12.04"]
[Round "2"]
[White "Dappiano, Andrea"]
[Black "Sorbera, Giovanni"]
[Result "1/2-1/2"]
[WhiteElo "2296"]
[BlackElo "2151"]
[PlyCount "107"]
[EventDate "2021.12.03"]
[EventType "swiss"]
[EventRounds "5"]
[EventCountry "ITA"]
[SourceTitle "CBM 205 Extra"]
[Source "ChessBase"]
[SourceDate "2022.01.31"]
[SourceVersion "1"]
[SourceVersionDate "2022.01.31"]
[SourceQuality "1"]

1. e4 d5 2. exd5 Qxd5 3. Nc3 Qd8 4. d4 Nf6 5. Nf3 e6 6. Bd3 c5 7. Bf4 a6 8. 0-0 Nc6 9. dxc5 Bxc5 10. Ne4 Nxe4 11. Bxe4 Qxd1 12. Raxd1 f6 13. Rfe1 Kf7 14. Bc7 Ra7 15. Nd2 b5 16. Bg3 Ne7 17. Bf3 Nf5 18. Ne4 Be7 19. Bd6 Nxd6 20. Nxd6+ Bxd6 21. Rxd6 Rc7 22. c3 Ke7 23. Red1 Rd7 24. Rxd7+ Bxd7 25. Kf1 e5 26. Ke2 g5 27. Rd5 g4 28. Be4 Bc6 29. Rxe5+ fxe5 30. Bxc6 Kd6 31. Be4 a5 32. a3 h5 33. Bd3 Kc5 34. b4+ axb4 35. axb4+ Kb6 36. c4 bxc4 37. Bxc4 Rf8 38. g3 Kc6 39. Bd3 Rf6 40. Ke3 Rf3+ 41. Ke2 Rf6 42. Ke3 Kd5 43. Be2 e4 44. b5 Ke5 45. Bd1 Kd5 46. Be2 Kc5 47. Bf1 Rf3+ 48. Kxe4 Rxf2 49. Bd3 Rxh2 50. Kf4 Rb2 51. Bg6 Rxb5 52. Bxh5 Rb3 53. Bxg4 Rxg3 54. Kxg3 1/2-1/2

[Event "AUT-chT2M 2122"]
[Site "Austria"]
[Date "2021.10.23"]
[Round "5.2"]
[White "Kadric, Denis"]
[Black "Dappiano, Andrea"]
[Result "1-0"]
[WhiteElo "2553"]
[BlackElo "2265"]
[PlyCount "79"]
[EventDate "2021.10.01"]
[EventType "team-tourn"]
[EventRounds "11"]
[EventCountry "AUT"]
[SourceTitle "EXT 2023"]
[Source "ChessBase"]
[SourceDate "2022.10.05"]
[SourceVersion "1"]
[SourceVersionDate "2022.10.05"]
[SourceQuality "1"]
[WhiteTeam "Pinggau Friedberg"]
[BlackTeam "Villach Admira"]
[WhiteTeamCountry "AUT"]
[BlackTeamCountry "AUT"]

1. e4 c5 2. Nc3 d6 3. Nge2 Nf6 4. g3 g6 5. Bg2 Bg7 6. 0-0 0-0 7. d3 Nc6 8. h3 Rb8 9. f4 Nd7 10. Nd5 e6 11. Ne3 f5 12. c3 Nf6 13. g4 Ne7 14. Ng3 fxg4 15. hxg4 d5 16. e5 Ne8 17. d4 b6 18. Bh3 Nc7 19. Ng2 Nc6 20. Be3 Rf7 21. Qd2 Bf8 22. Rf3 cxd4 23. cxd4 Nb5 24. Kh1 Bb4 25. Qf2 Qf8 26. f5 exf5 27. gxf5 gxf5 28. Nh5 Be7 29. Ngf4 Kh8 30. Rg1 Bb7 31. Ne6 Qc8 32. Ng5 Bxg5 33. Bxg5 Nbxd4 34. Qh4 Qe6 35. Rfg3 Ne2 36. Bf6+ Rxf6 37. Nxf6 Nxg3+ 38. Rxg3 Qe7 39. Qg5 Qf8 40. Nxh7 1-0

[Event "Veneto-ch qf 79th"]
[Site "Padova"]
[Date "2020.02.21"]
[Round "1.7"]
[White "Dappiano, Andrea"]
[Black "Pecci, William"]
[Result "1/2-1/2"]
[WhiteElo "2243"]
[BlackElo "1917"]
[PlyCount "40"]
[EventDate "2020.02.21"]
[EventType "swiss"]
[EventRounds "3"]
[EventCountry "ITA"]
[SourceTitle "EXT 2024"]
[Source "ChessBase"]
[SourceDate "2023.10.10"]
[SourceVersion "1"]
[SourceVersionDate "2023.10.10"]
[SourceQuality "1"]

1. e4 e5 2. Nf3 Nc6 3. d4 exd4 4. Nxd4 Nf6 5. Nc3 Bb4 6. Nxc6 bxc6 7. Bd3 d5 8. exd5 cxd5 9. 0-0 0-0 10. h3 c6 11. Qf3 Re8 12. Bg5 Bd6 13. Rae1 Be5 14. Nd1 Qd6 15. Ne3 Ne4 16. Nc4 Nxg5 17. Nxd6 Nxf3+ 18. gxf3 Re7 19. Nxc8 Rxc8 20. f4 Bf6 1/2-1/2

[Event "Palmanova op 8th"]
[Site "Palmanova"]
[Date "2019.12.08"]
[Round "5"]
[White "Dappiano, Andrea"]
[Black "Savanovic, Aleksandar"]
[Result "0-1"]
[WhiteElo "2258"]
[BlackElo "2420"]
[PlyCount "112"]
[EventDate "2019.12.06"]
[EventType "swiss"]
[EventRounds "5"]
[EventCountry "ITA"]
[SourceTitle "CBM 193 Extra"]
[Source "ChessBase"]
[SourceDate "2020.01.31"]
[SourceVersion "1"]
[SourceVersionDate "2020.01.31"]
[SourceQuality "1"]

1. e4 e5 2. Nf3 Nc6 3. d4 exd4 4. Nxd4 Nf6 5. Nxc6 bxc6 6. e5 Qe7 7. Qe2 Nd5 8. c4 Qb4+ 9. Qd2 Qxd2+ 10. Bxd2 Nb4 11. Na3 Bc5 12. Be2 a5 13. Bc3 0-0 14. 0-0 d6 15. Bf3 Be6 16. Rfd1 Rab8 17. exd6 cxd6 18. Rd2 Rfc8 19. Nc2 Bxc4 20. Nd4 Bxd4 21. Bxd4 Bxa2 22. Bc3 Bd5 23. Rxa5 Bxf3 24. Bxb4 Rxb4 25. gxf3 d5 26. Rc2 g6 27. Rxd5 Rxb2 28. Rcc5 cxd5 29. Rxc8+ Kg7 30. Rd8 Rb5 31. Kf1 Kf6 32. Rd6+ Ke5 33. Rd7 Ke6 34. Rd8 Rb1+ 35. Kg2 Rb7 36. Kf1 Rd7 37. Rh8 h5 38. Ra8 Ke5 39. Ra6 Kd4 40. Ra4+ Kc3 41. Ra3+ Kb4 42. Ra8 Re7 43. Rd8 Kc4 44. f4 d4 45. f5 gxf5 46. Rc8+ Kb3 47. Rd8 Kc3 48. Rc8+ Kd2 49. Ra8 Re1+ 50. Kg2 d3 51. Ra2+ Kc3 52. Ra3+ Kc4 53. Ra4+ Kb3 54. Rd4 Kc3 55. Rd8 d2 56. Rc8+ Kb4 0-1

[Event "Palmanova op 8th"]
[Site "Palmanova"]
[Date "2019.12.07"]
[Round "2"]
[White "Hercegovac, Neven"]
[Black "Dappiano, Andrea"]
[Result "0-1"]
[WhiteElo "2003"]
[BlackElo "2258"]
[PlyCount "62"]
[EventDate "2019.12.06"]
[EventType "swiss"]
[EventRounds "5"]
[EventCountry "ITA"]
[SourceTitle "CBM 193 Extra"]
[Source "ChessBase"]
[SourceDate "2020.01.31"]
[SourceVersion "1"]
[SourceVersionDate "2020.01.31"]
[SourceQuality "1"]

1. e4 e6 2. d4 d5 3. Nc3 Nf6 4. e5 Nfd7 5. Nf3 c5 6. dxc5 Nc6 7. Bf4 Bxc5 8. Bd3 f6 9. exf6 Nxf6 10. 0-0 0-0 11. Ne5 a6 12. Qe2 Nxe5 13. Bxe5 b5 14. Rae1 Ra7 15. Nb1 Raf7 16. Bg3 Re8 17. Be5 Nd7 18. Qh5 g6 19. Bxg6 Nxe5 20. Bxf7+ Nxf7 21. b4 Bb6 22. Kh1 Qg5 23. Qxg5+ Nxg5 24. Nc3 Bb7 25. h4 Ne4 26. Nxe4 dxe4 27. Rd1 Bd5 28. a4 Rc8 29. a5 Bd8 30. Rd2 Bxh4 31. g3 Be7 0-1

[Event "Forni di Sopra op 10th"]
[Site "Forni di Sopra"]
[Date "2019.06.17"]
[Round "3"]
[White "Dappiano, Andrea"]
[Black "Ivanchuk, Vassily"]
[Result "0-1"]
[WhiteElo "2271"]
[BlackElo "2691"]
[PlyCount "98"]
[EventDate "2019.06.15"]
[EventType "swiss"]
[EventRounds "9"]
[EventCountry "ITA"]
[SourceTitle "CBM 191 Extra"]
[Source "ChessBase"]
[SourceDate "2019.09.30"]
[SourceVersion "1"]
[SourceVersionDate "2019.09.30"]
[SourceQuality "1"]

1. e4 e6 2. Nf3 d5 3. Nc3 Nf6 4. e5 Nfd7 5. d4 c5 6. dxc5 Nc6 7. Bf4 h6 8. h3 Nxc5 9. Bd3 Nxd3+ 10. Qxd3 Bc5 11. 0-0 0-0 12. Rad1 a6 13. Ne2 Qb6 14. Bc1 Bd7 15. a3 Rfc8 16. Ng3 Bf8 17. Rfe1 Rc7 18. Nh2 Ne7 19. Ng4 Qb5 20. Qf3 Rxc2 21. Nh5 Rac8 22. Nhf6+ gxf6 23. Nxf6+ Kh8 24. Qh5 Ng8 25. Qxf7 Nxf6 26. exf6 d4 27. Bf4 Qf5 28. Rxd4 Bc6 29. Re5 Qh7 30. Qxe6 Qg8 31. Qxg8+ Kxg8 32. Rd2 Rxd2 33. Bxd2 Rd8 34. Bb4 Bxb4 35. axb4 Kf7 36. Rh5 Kg6 37. g4 Rd6 38. Rf5 Rxf6 39. Rxf6+ Kxf6 40. f4 h5 41. gxh5 Kf5 42. h6 Kg6 43. Kf2 Kxh6 44. Ke3 Bd7 45. h4 Kh5 46. Kd4 Kxh4 47. Ke5 Kg4 48. Kd6 Bf5 49. Kc7 Be4 0-1

[Event "ITA-chT T8 51st"]
[Site "Brixen Bressanone"]
[Date "2019.04.30"]
[Round "1.5"]
[White "Seresin, Francesco"]
[Black "Dappiano, Andrea"]
[Result "1/2-1/2"]
[WhiteElo "2300"]
[BlackElo "2277"]
[PlyCount "21"]
[EventDate "2019.04.30"]
[EventType "team-match"]
[EventRounds "1"]
[EventCountry "ITA"]
[SourceTitle "CBM 190 Extra"]
[Source "ChessBase"]
[SourceDate "2019.07.15"]
[SourceVersion "1"]
[SourceVersionDate "2019.07.15"]
[SourceQuality "1"]
[WhiteTeam "Perugia Euro Scacchi"]
[BlackTeam "Montebelluna Master"]
[WhiteTeamCountry "ITA"]
[BlackTeamCountry "ITA"]

1. Nf3 c5 2. c4 g6 3. Nc3 Bg7 4. e4 Nc6 5. Be2 e5 6. 0-0 Nge7 7. d3 0-0 8. a3 d6 9. Rb1 a5 10. Ne1 Nd4 11. Nc2 1/2-1/2

[Event "Treviso Master op 3rd"]
[Site "Treviso"]
[Date "2019.03.31"]
[Round "4.4"]
[White "Gallana, Marco"]
[Black "Dappiano, Andrea"]
[Result "1/2-1/2"]
[WhiteElo "2225"]
[BlackElo "2277"]
[PlyCount "105"]
[EventDate "2019.03.29"]
[EventType "swiss"]
[EventRounds "5"]
[EventCountry "ITA"]
[SourceTitle "EXT 2024"]
[Source "ChessBase"]
[SourceDate "2023.10.10"]
[SourceVersion "1"]
[SourceVersionDate "2023.10.10"]
[SourceQuality "1"]

1. Nf3 c5 2. c4 Nc6 3. d4 cxd4 4. Nxd4 g6 5. Nc3 Bg7 6. Nc2 d6 7. e4 Nf6 8. Be2 0-0 9. Be3 Be6 10. Nd4 Nxd4 11. Bxd4 Qa5 12. 0-0 Rfc8 13. b3 Bd7 14. Bxf6 exf6 15. Nd5 Re8 16. Bd3 Bc6 17. b4 Qa3 18. Nc7 f5 19. Rb1 fxe4 20. Rb3 Qxa2 21. Bb1 Qa1 22. b5 Rac8 23. Nxe8 Bxe8 24. Bxe4 Qxd1 25. Rxd1 Rxc4 26. Bxb7 Bd7 27. g3 Bd4 28. Bd5 Ra4 29. Re1 Bf6 30. Kg2 Rd4 31. Bf3 Be6 32. Ra3 Bc4 33. Rxa7 Bxb5 34. Rd1 Rxd1 35. Bxd1 Bc6+ 36. Kg1 Bd5 37. Ra5 Be6 38. Bf3 h5 39. Bd5 Bxd5 40. Rxd5 Be7 41. Kg2 Kg7 42. Kf3 Kf6 43. Ke4 Ke6 44. Kd4 Bf6+ 45. Kc4 Bg7 46. Rd3 Bf6 47. Re3+ Kf5 48. f3 h4 49. Kd5 hxg3 50. hxg3 Be5 51. f4 Bf6 52. Kxd6 g5 53. fxg5 1/2-1/2

[Event "Treviso Master op 3rd"]
[Site "Treviso"]
[Date "2019.03.30"]
[Round "3.5"]
[White "Dappiano, Andrea"]
[Black "Vianello, Enrico"]
[Result "1-0"]
[WhiteElo "2277"]
[BlackElo "2093"]
[PlyCount "57"]
[EventDate "2019.03.29"]
[EventType "swiss"]
[EventRounds "5"]
[EventCountry "ITA"]
[SourceTitle "EXT 2024"]
[Source "ChessBase"]
[SourceDate "2023.10.10"]
[SourceVersion "1"]
[SourceVersionDate "2023.10.10"]
[SourceQuality "1"]

1. e4 c5 2. Nf3 e6 3. d4 cxd4 4. Nxd4 Nc6 5. Nc3 Qc7 6. Be3 a6 7. Qd2 Nf6 8. f3 Be7 9. 0-0-0 b5 10. Kb1 Bb7 11. g4 Nxd4 12. Bxd4 Rc8 13. Bd3 0-0 14. g5 Nh5 15. Ne2 f5 16. gxf6 Bxf6 17. Bxf6 Rxf6 18. Rhg1 Nf4 19. Rg4 Rcf8 20. Rdg1 R8f7 21. Nxf4 Rxf4 22. Rxf4 Qxf4 23. Qa5 Qxh2 24. Qd8+ Rf8 25. Qg5 g6 26. e5 Qf4 27. Qh5 Qxf3 28. Rxg6+ Kh8 29. Rg8+ 1-0

[Event "Palmanova op 7th"]
[Site "Palmanova"]
[Date "2018.12.07"]
[Round "1"]
[White "Nemetz, Markus"]
[Black "Dappiano, Andrea"]
[Result "0-1"]
[WhiteElo "1907"]
[BlackElo "2292"]
[PlyCount "50"]
[EventDate "2018.12.07"]
[EventType "swiss"]
[EventRounds "5"]
[EventCountry "ITA"]
[SourceTitle "CBM 187 Extra"]
[Source "ChessBase"]
[SourceDate "2018.11.04"]
[SourceVersion "1"]
[SourceVersionDate "2018.11.04"]
[SourceQuality "1"]

1. d4 e6 2. c4 Bb4+ 3. Nc3 c5 4. d5 Nf6 5. Nf3 0-0 6. Bg5 b5 7. e3 Bb7 8. cxb5 exd5 9. Be2 d6 10. 0-0 Nbd7 11. Bf4 Bxc3 12. bxc3 Ne4 13. Qc2 f5 14. h4 Qf6 15. c4 Nb6 16. cxd5 Nxd5 17. Bc4 Kh8 18. Bxd5 Bxd5 19. Qd3 Bb7 20. Ng5 Rad8 21. Qa3 Nd2 22. Rfd1 h6 23. Qxa7 Rd7 24. Nh3 Ra8 25. Qb6 Nc4 0-1

[Event "Chioggia op-A 13th"]
[Site "Chioggia"]
[Date "2018.09.30"]
[Round "4"]
[White "Comai, Samuele"]
[Black "Dappiano, Andrea"]
[Result "0-1"]
[WhiteElo "2083"]
[BlackElo "2278"]
[PlyCount "64"]
[EventDate "2018.09.28"]
[EventType "swiss"]
[EventRounds "5"]
[EventCountry "ITA"]
[SourceTitle "EXT 2022"]
[Source "ChessBase"]
[SourceDate "2021.10.06"]
[SourceVersion "1"]
[SourceVersionDate "2021.10.06"]
[SourceQuality "1"]

1. d4 e6 2. c4 f5 3. Nf3 Nf6 4. g3 d5 5. Bg2 Bd6 6. 0-0 c6 7. b3 Qe7 8. a4 a5 9. Ba3 Bxa3 10. Nxa3 0-0 11. Qc1 Na6 12. Ne5 Bd7 13. Qb2 Be8 14. Nc2 Bh5 15. Ne1 Nd7 16. N1d3 Nxe5 17. Nxe5 f4 18. Bf3 Qe8 19. Qd2 Nb4 20. g4 Bg6 21. h4 Bc2 22. Qc3 Qd8 23. h5 Qg5 24. Kg2 Be4 25. Rh1 Rad8 26. Rad1 c5 27. Bxe4 dxe4 28. dxc5 Nc6 29. Rxd8 Rxd8 30. Nxc6 Qxg4+ 31. Kh2 f3 32. exf3 exf3 0-1

[Event "Spilimbergo op 16th"]
[Site "Spilimbergo"]
[Date "2018.08.11"]
[Round "3"]
[White "Lodici, Lorenzo"]
[Black "Dappiano, Andrea"]
[Result "1-0"]
[WhiteElo "2447"]
[BlackElo "2285"]
[PlyCount "105"]
[EventDate "2018.08.10"]
[EventType "swiss"]
[EventRounds "9"]
[EventCountry "ITA"]
[SourceTitle "CBM 186 Extra"]
[Source "ChessBase"]
[SourceDate "2018.08.24"]
[SourceVersion "1"]
[SourceVersionDate "2018.08.24"]
[SourceQuality "1"]

1. d4 e6 2. c4 Bb4+ 3. Nd2 Nf6 4. a3 Be7 5. e4 d5 6. e5 Nfd7 7. Qg4 0-0 8. Ndf3 f5 9. Qg3 dxc4 10. Bxc4 Nb6 11. Ba2 Na6 12. Ne2 Nd5 13. Bh6 Rf7 14. Ng5 Bxg5 15. Bxg5 Qe8 16. Bxd5 exd5 17. Nf4 c6 18. 0-0-0 Be6 19. h4 c5 20. h5 cxd4 21. Rxd4 Nc5 22. Qe3 Rc7 23. Kb1 h6 24. Bh4 Rac8 25. Rc1 Qb5 26. Rb4 Qa6 27. f3 Bf7 28. Rd1 d4 29. Qxd4 Ne6 30. Qd3 Nxf4 31. Qxa6 bxa6 32. Rxf4 Bxh5 33. Bd8 Rc2 34. e6 Re2 35. e7 g5 36. Rb4 f4 37. Re4 Rxe4 38. fxe4 Kf7 39. Rd6 f3 40. gxf3 Kg7 41. Rf6 Bf7 42. Re6 Be8 43. Rxa6 h5 44. Ra5 Kg6 45. Rf5 Bf7 46. Rxg5+ Kh7 47. Re5 Be8 48. Rf5 h4 49. Rf8 Bg6 50. e8Q Bxe8 51. Rxe8 h3 52. Re7+ Kg6 53. Bc7 1-0

[Event "AUT-chT2M 1718"]
[Site "Austria"]
[Date "2018.04.07"]
[Round "11.1"]
[White "Huber, Martin Christian"]
[Black "Dappiano, Andrea"]
[Result "1-0"]
[WhiteElo "2405"]
[BlackElo "2319"]
[PlyCount "83"]
[EventDate "2017.10.27"]
[EventType "team-tourn"]
[EventRounds "11"]
[EventCountry "AUT"]
[SourceTitle "EXT 2019"]
[Source "ChessBase"]
[SourceDate "2018.10.10"]
[SourceVersion "1"]
[SourceVersionDate "2018.10.10"]
[SourceQuality "1"]
[WhiteTeam "Graz Schachfreunde"]
[BlackTeam "Villach Admira"]
[WhiteTeamCountry "AUT"]
[BlackTeamCountry "AUT"]

1. d4 e6 2. c4 Bb4+ 3. Nd2 Nf6 4. Ngf3 d5 5. Qa4+ Nc6 6. a3 Bxd2+ 7. Bxd2 Ne4 8. e3 0-0 9. Bd3 Nxd2 10. Nxd2 dxc4 11. Be4 e5 12. Bxc6 bxc6 13. dxe5 Be6 14. Rd1 Qg5 15. Qxc6 Rad8 16. 0-0 Bd5 17. Nf3 Qxg2+ 18. Kxg2 Bxc6 19. Kg3 Rb8 20. Rd2 Be4 21. Rc1 f6 22. Rxc4 Bxf3 23. Kxf3 fxe5+ 24. Ke4 Rf7 25. Rc5 Rbf8 26. b4 Rxf2 27. Rxf2 Rxf2 28. Rxc7 Rxh2 29. Rxa7 h5 30. Kxe5 Rf2 31. b5 Rb2 32. a4 h4 33. Rc7 Rb4 34. Rc1 Rxa4 35. Rb1 h3 36. b6 Ra8 37. b7 Rb8 38. Kd6 Kf7 39. Kc7 Re8 40. b8Q Rxb8 41. Rxb8 g5 42. Rh8 1-0

[Event "AUT-chT2M 1718"]
[Site "Austria"]
[Date "2017.11.26"]
[Round "6.2"]
[White "Handler, Lukas"]
[Black "Dappiano, Andrea"]
[Result "0-1"]
[WhiteElo "2390"]
[BlackElo "2319"]
[PlyCount "136"]
[EventDate "2017.10.27"]
[EventType "team-tourn"]
[EventRounds "11"]
[EventCountry "AUT"]
[SourceTitle "CBM 181 Extra"]
[Source "ChessBase"]
[SourceDate "2017.12.12"]
[SourceVersion "1"]
[SourceVersionDate "2017.12.12"]
[SourceQuality "1"]
[WhiteTeam "Maria Saal II"]
[BlackTeam "Villach Admira"]
[WhiteTeamCountry "AUT"]
[BlackTeamCountry "AUT"]

1. c4 e5 2. g3 Nc6 3. Bg2 g6 4. Nc3 Bg7 5. d3 d6 6. e4 f5 7. Nge2 Nf6 8. 0-0 0-0 9. Nd5 Be6 10. Bg5 Qd7 11. Qd2 Nh5 12. Bh6 f4 13. Bxg7 Qxg7 14. f3 g5 15. g4 Nf6 16. h3 Nd8 17. d4 c5 18. Nxf6+ Qxf6 19. d5 Bd7 20. Kf2 Qh6 21. Ke1 b5 22. cxb5 Bxb5 23. Rh1 Qh4+ 24. Kd1 Bxe2+ 25. Qxe2 Rb8 26. Kc2 Rf7 27. Qe1 Rfb7 28. Rb1 Nf7 29. Qxh4 gxh4 30. Rhd1 Rb4 31. Rd3 Ra4 32. Rb3 Rb6 33. a3 Ng5 34. Rc3 a5 35. Rh1 Rd4 36. Bf1 Kf7 37. Rh2 Ke7 38. Rf2 Kd8 39. Kc1 Kc7 40. Kc2 Rb8 41. Rh2 Kd8 42. Rh1 a4 43. Rh2 Ke7 44. Rh1 Kf6 45. Rh2 Rh8 46. Kc1 h5 47. gxh5 Rxh5 48. Rh1 Rh7 49. Rg1 Rb7 50. Kc2 Rb3 51. Be2 Rb7 52. Bf1 Kg6 53. Rg4 Kh5 54. Rg1 Rb8 55. Rg4 Rb3 56. Bc4 Rxc4 57. Rxc4 Rxf3 58. Rxa4 Rxh3 59. Rg1 Rg3 60. Rf1 h3 61. Ra8 Nxe4 62. a4 Rg2+ 63. Kd3 Ng3 64. Rb1 h2 65. a5 e4+ 66. Kc3 Rg1 67. a6 Rxb1 68. a7 Ra1 0-1

[Event "Chioggia op-A 12th"]
[Site "Chioggia"]
[Date "2017.10.08"]
[Round "5"]
[White "Vianello, Enrico"]
[Black "Dappiano, Andrea"]
[Result "0-1"]
[WhiteElo "2160"]
[BlackElo "2314"]
[PlyCount "104"]
[EventDate "2017.10.06"]
[EventType "swiss"]
[EventRounds "5"]
[EventCountry "ITA"]
[SourceTitle "EXT 2022"]
[Source "ChessBase"]
[SourceDate "2021.10.06"]
[SourceVersion "1"]
[SourceVersionDate "2021.10.06"]
[SourceQuality "1"]

1. Nf3 Nf6 2. c4 e6 3. g3 c5 4. Bg2 Nc6 5. 0-0 Be7 6. Nc3 d5 7. cxd5 Nxd5 8. d4 cxd4 9. Nxd4 Nxd4 10. Nxd5 Nxe2+ 11. Qxe2 exd5 12. Qb5+ Bd7 13. Qxb7 Be6 14. Qc6+ Kf8 15. Rd1 Rc8 16. Qa6 Bc5 17. Be3 Bxe3 18. fxe3 Rc7 19. Rd2 h5 20. Rad1 h4 21. e4 hxg3 22. Qa3+ Kg8 23. Qxg3 Rd7 24. exd5 Rh5 25. Qf3 Rg5 26. Rd4 Rd6 27. h4 Rg6 28. R1d3 Bc8 29. Qe2 Ba6 30. Re4 Qb6+ 31. Kh1 Bxd3 32. Re8+ Kh7 33. Qxd3 Qf2 34. Qe4 f5 35. Qf3 Qxh4+ 36. Kg1 Qg4 37. Kf2 Qd4+ 38. Kf1 Qc4+ 39. Re2 Rdf6 40. Bh3 Qc1+ 41. Re1 Rg1+ 42. Kxg1 Qxe1+ 43. Kh2 Qe5+ 44. Kh1 Qe4 45. Kg2 Qxf3+ 46. Kxf3 g5 47. Bf1 Kg7 48. Ke3 Kf8 49. Kd4 Ke7 50. Ke5 f4 51. Bh3 f3 52. Ke4 Kd6 0-1

[Event "Spilimbergo op 15th"]
[Site "Spilimbergo"]
[Date "2017.08.14"]
[Round "8"]
[White "Lazic, Miroljub"]
[Black "Dappiano, Andrea"]
[Result "1-0"]
[WhiteElo "2497"]
[BlackElo "2310"]
[PlyCount "64"]
[EventDate "2017.08.10"]
[EventType "swiss"]
[EventRounds "9"]
[EventCountry "ITA"]
[SourceTitle "EXT 2019"]
[Source "ChessBase"]
[SourceDate "2018.10.10"]
[SourceVersion "1"]
[SourceVersionDate "2018.10.10"]
[SourceQuality "1"]

1. g3 e5 2. c4 d6 3. Bg2 Nc6 4. Nc3 g6 5. e3 Bg7 6. Nge2 Bg4 7. h3 Be6 8. d4 Bxc4 9. d5 Bxe2 10. Qxe2 Nb8 11. Qb5+ Nd7 12. Qxb7 Rb8 13. Qa6 Ne7 14. 0-0 0-0 15. Na4 f5 16. Bd2 e4 17. Rac1 Nxd5 18. Qc4 N7f6 19. Rfd1 Kh8 20. b3 c5 21. Be1 Nb6 22. Qe6 Nxa4 23. Rxd6 Qe8 24. bxa4 Qxe6 25. Rxe6 Rfc8 26. Bf1 Nd5 27. Ba6 Rd8 28. Ba5 Nb6 29. Rxc5 Rd1+ 30. Kg2 Nxa4 31. Rb5 Rxb5 32. Bxb5 Bc3 1-0